[Event "Mogliano Veneto op-B 43th"]
[Site "Mogliano Veneto"]
[Date "2023.04.25"]
[Round "4"]
[White "Rebeschini, Marco"]
[Black "Belloni, Umberto"]
[Result "1/2-1/2"]
[WhiteElo "999"]
[BlackElo "1485"]
[PlyCount "102"]
[EventDate "2023.04.23"]
[EventType "swiss"]
[EventRounds "5"]
[EventCountry "ITA"]
[SourceTitle "EXT 2024"]
[Source "ChessBase"]
[SourceDate "2023.10.10"]
[SourceVersion "1"]
[SourceVersionDate "2023.10.10"]
[SourceQuality "1"]

1. e4 e6 2. Nc3 c6 3. Nf3 d5 4. exd5 exd5 5. d4 Bd6 6. g3 Qc7 7. Bg2 Bg4 8. 0-0 Ne7 9. Re1 0-0 10. Bd2 Nd7 11. Re3 Nf5 12. Re1 Bxf3 13. Bxf3 Nxd4 14. Bg2 Rfe8 15. Rxe8+ Rxe8 16. Bh3 Nf8 17. Qg4 Nde6 18. Qf3 Qd8 19. Bxe6 Rxe6 20. Qg4 Qd7 21. Be3 b6 22. Re1 c5 23. Nxd5 Ng6 24. f4 Qe8 25. Qg5 h5 26. Qxh5 Ne7 27. f5 Re5 28. Nxe7+ Qxe7 29. Kf2 Qf6 30. g4 g5 31. Bd2 Rxe1 32. Kxe1 Qe5+ 33. Kd1 Bf8 34. Bc3 Qd5+ 35. Kc1 Qxa2 36. Qh3 Bd6 37. Qh6 Bf4+ 38. Kd1 Qb1+ 39. Ke2 Qxc2+ 40. Kf1 Qd3+ 41. Kf2 Qe3+ 42. Kf1 Qf3+ 43. Ke1 Qe3+ 44. Kf1 Qf3+ 45. Ke1 Qh1+ 46. Ke2 Qg2+ 47. Kd1 Qf3+ 48. Kc2 Qe2+ 49. Kb1 Qd1+ 50. Ka2 Qa4+ 51. Kb1 Qd1+ 1/2-1/2